<?xml version="1.0" encoding="UTF-8"?>
<record
    xmlns:xsi="http://www.w3.org/2001/XMLSchema-instance"
    xsi:schemaLocation="http://www.loc.gov/MARC21/slim http://www.loc.gov/standards/marcxml/schema/MARC21slim.xsd"
    xmlns="http://www.loc.gov/MARC21/slim">

  <leader>00178nam a22000737a 4500</leader>
  <datafield tag="082" ind1=" " ind2=" ">
    <subfield code="a">624.182</subfield>
    <subfield code="b">DUG</subfield>
  </datafield>
  <datafield tag="245" ind1=" " ind2=" ">
    <subfield code="a">Design of steel structures, 2nd edition</subfield>
    <subfield code="c">S K Duggal</subfield>
  </datafield>
  <datafield tag="942" ind1=" " ind2=" ">
    <subfield code="2">ddc</subfield>
    <subfield code="c">BK</subfield>
  </datafield>
  <datafield tag="999" ind1=" " ind2=" ">
    <subfield code="c">590723</subfield>
    <subfield code="d">590723</subfield>
  </datafield>
  <datafield tag="952" ind1=" " ind2=" ">
    <subfield code="0">0</subfield>
    <subfield code="1">0</subfield>
    <subfield code="2">ddc</subfield>
    <subfield code="4">0</subfield>
    <subfield code="6">624_182000000000000_DUG</subfield>
    <subfield code="7">0</subfield>
    <subfield code="9">581768</subfield>
    <subfield code="a">NIT</subfield>
    <subfield code="b">NIT</subfield>
    <subfield code="d">2022-08-01</subfield>
    <subfield code="l">2</subfield>
    <subfield code="o">624.182 DUG</subfield>
    <subfield code="p">NIT-430</subfield>
    <subfield code="r">2025-02-04</subfield>
    <subfield code="s">2024-09-09</subfield>
    <subfield code="w">2022-08-01</subfield>
    <subfield code="y">BK</subfield>
  </datafield>
</record>
